000 00616nam a2200181Ia 4500
008 100917s9999 xx 000 0 und d
082 _b39543
100 _aतोरडमल मधुकर
245 _aतरूण तुर्क म्हतारे अर्क
260 _bमॅजेस्टिक बुक स्टॉल
_c1980
300 _a95
365 _b10
520 _aनाटक
630 _aतरूण तुर्क म्हतारे अर्क
650 _aनाटक
730 _aतरूण तुर्क म्हतारे अर्क
942 _cBOOK
999 _c644937
_d644934